000 01054cam a22002772 4500
001 0000013250
005 20151217145901.0
008 090720s xx 000 0 eng d
020 _a0471241342 :
040 _aKABU
_cKABU
050 0 _aQA76.64
_b.P742 1999
100 1 _aPreiss, Bruno R.
_@0000154347
245 1 0 _aData structures and algorithms :
_bwith object-oriented design patterns in C++. /
_cBruno R. Preiss.
260 _aNew York :
_bJohn Wiley & Sons,
_cc1999.
300 _axvii, 660 p. :
_bill.
440 0 _aWorldwide series in computer science
_@0000154348
504 _aIncludes bibliographical references (p. 648-650) and index.
650 0 _aObject oriented programming (Computer science)
_@0000148166
650 0 _aC++ (Computer program language)
_@0000154344
650 0 _aSoftware patterns.
_@0000154349
650 0 _aData structures (Computer science)
_@0000148379
650 0 _aComputer algorithms.
_@0000148170
852 1 _9p7493.75 KES
908 _a090720
950 _@1
999 _c3695
_d3695